Já jako značka

Značky najznámejších firiem veľakrát predstavujú to najcennejšie aktívum, ktoré majú. Za silou týchto značiek stoja kvalitné a inovatívne produkty, ale aj marketingové aktivity, ktoré ich podporujú. Osobný marketingový mix.

Enregistré dans:
Détails bibliographiques
Auteur principal: Vysekalová, Jitka
Autres auteurs: Voříšek, Karel
Format: Chapitre de livre
Langue:tchèque
Sujets:
Tags: Ajouter un tag
Pas de tags, Soyez le premier à ajouter un tag!

MARC

LEADER 00000naa a2200000 4500
001 0205607
005 20231115070845.4
041 0 |a cze 
044 |a CZ 
245 1 0 |a Já jako značka  |c Jitka Vysekalová, Karel Voříšek 
520 |a Značky najznámejších firiem veľakrát predstavujú to najcennejšie aktívum, ktoré majú. Za silou týchto značiek stoja kvalitné a inovatívne produkty, ale aj marketingové aktivity, ktoré ich podporujú. Osobný marketingový mix. 
610 2 0 |a firmy 
610 2 0 |a značky 
610 2 0 |a marketing mix 
100 1 |a Vysekalová, Jitka 
700 1 |a Voříšek, Karel